Occident vist des d'orient / per Abdelwahab Meddeb
ISBN:
84-9803-054-4
Publicado:
Barcelona :
Centre de Cultura Contemporània de Barcelona ; Institut d'Edicions de Barcelona ,
2005
Descripción Física:
189 p. , il col. ; 24 cm
Materias:
Art -- Catàlegs
MARC
| LEADER | 00000nam a2200000Ia 4500 | ||
|---|---|---|---|
| 001 | 16957 | ||
| 008 | 160829s2005 xx 000 0 cat d | ||
| 020 | |a 84-9803-054-4 | ||
| 080 | |a B-2-101 | ||
| 100 | |a Meddeb, Abdelwahab |9 26591 | ||
| 245 | |a Occident vist des d'orient / per Abdelwahab Meddeb | ||
| 260 | |a Barcelona : |b Centre de Cultura Contemporània de Barcelona ; Institut d'Edicions de Barcelona, |c 2005 | ||
| 300 | |a 189 p. , il col. ; |c 24 cm | ||
| 590 | |a Text en català i castellà | ||
| 650 | 0 | |a Art |x Catàlegs |9 26592 | |
| 710 | 2 | |a Centre de Cultura Contemporània de Barcelona |9 52510 | |
| 710 | |a Barcelona (Catalunya : Província). |b Institut d'Edicions |9 53854 | ||
| 901 | |a Arxiu | ||
| 942 | |n 1 | ||
| 952 | |0 0 |1 0 |4 0 |6 B2101 |7 1 |9 44072 |a Arxiu |b Arxiu |d 2016-12-01 |l 0 |o B-2-101 |p 16957 |r 2016-12-01 00:00:00 |w 2016-12-01 |y ARXIU | ||
| 999 | |c 46652 |d 46652 | ||